00345 a2200109 4500001001000000005001700010008004100027245006200068100002100130773006700151999001700218ART_3505920260410162005.0260409a 10aLos cambios más significativos en materia de donaciones1 aFirpo, Alejandro0 tTemas de derecho civilg- Año 1, Nº 2 (nov. 2015)wREV34778 c31604d31604